000 00250nam a22001217a 4500
008 170215b xxu||||| |||| 00| 0 eng d
041 _aeng
080 _a61
100 _a4
101 _ashm
245 _aMEDICAL TESTS
_cPINCKNEY, C
942 _2udc
_cBK
999 _c5525
_d5525